00394 2200157 4500001002100000008004100021035002000062245003000082100001400112260003200126300002200158020002200180084001400202082000800216990001200224INLIS000000000002834 IND  a0010-0925000181 aPenjaga HatimucAlly Jane aAlly Jane aJakartabRumah Oranyec2014 a304c(13 x 19 cm) a978-602-1588-47-5 a813 ALL p a813 a0755056